Law : Made Simple (Record no. 2835)

MARC details
000 -LEADER
fixed length control field 00987nac a22002171u 4500
020 ## - INTERNATIONAL STANDARD BOOK NUMBER
International Standard Book Number 0750654058
082 ## - DEWEY DECIMAL CLASSIFICATION NUMBER
Classification number 349.4221
Item number B2411
090 ## - LOCALLY ASSIGNED LC-TYPE CALL NUMBER (OCLC); LOCAL CALL NUMBER (OCLC)
-- 2835
-- 2835
100 ## - MAIN ENTRY--PERSONAL NAME
Personal name Barker, D. L. A.
245 ## - TITLE STATEMENT
Title Law : Made Simple
Statement of responsibility, etc D. L. A. Barker and C.F. Padfield
250 ## - EDITION STATEMENT
Edition statement 11th ed.
260 ## - PUBLICATION, DISTRIBUTION, ETC. (IMPRINT)
Place of publication, distribution, etc Oxford :
Name of publisher, distributor, etc Made Simple,2002
Date of publication, distribution, etc c2002.
300 ## - PHYSICAL DESCRIPTION
Extent xii 404 p.
Other physical details ill:
Dimensions 25 cm.
650 ## - SUBJECT ADDED ENTRY--TOPICAL TERM
Topical term or geographic name as entry element Law -- England
650 ## - SUBJECT ADDED ENTRY--TOPICAL TERM
Topical term or geographic name as entry element Law -- Wales
700 ## - ADDED ENTRY--PERSONAL NAME
Personal name Padfield, Colin F. (Colin Frank)
942 ## - ADDED ENTRY ELEMENTS (KOHA)
Item type
Call number prefix 349.4221B2411
Holdings
Withdrawn status Item status Damaged status Not for loan Home library Current library Shelving location Date acquired Source of acquisition Total Checkouts Total Renewals Full call number Barcode Date last seen Date last borrowed Koha item type Checked out
        Central Library Central Library First floor 18/03/2007 Purchase 8 10 349.4221 BAR 000001272 25/08/2025 22/02/2024 Book - Borrowing  
        Central Library Central Library First floor 18/03/2007 Purchase 10 9 349.4221 BAR 000001067 12/02/2024 19/02/2024 Book - Borrowing 26/02/2024
        Central Library Central Library First floor 18/03/2007 Purchase 13 7 349.4221 BAR 000001064 03/08/2025 19/02/2024 Book - Borrowing  
        Central Library Central Library First floor 18/03/2007 Purchase 3   349.4221 BAR 000001063 15/07/2025 09/04/2009 NB - Book (Non borrowing)